00975cam a22002655a 4500001001000000003000400010005001700014008004100031020001800072020001500090040004000105082002000145100002200165245007100187250004400258260005000302300003300352490002700385504005100412650004100463653002700504942000800531999001700539952015300556016535841OSt20170208151636.0140430t2014 enka frb 001 0 eng d a9781292020730 a1292020733 aStDuBDSbengcStDuBDSdUkdEG-ScBUE04222a370.15bSLA1 aSlavin, Robert E.10aEducational psychology :btheory and practice /cRobert E. Slavin. a10th ed., Pearson new international ed. aHarlow :bPearson Education Limited,cc.2014. aii, 578 p. :bill. ;c28 cm.0 aPearson custom library aIncludes bibliographical references and index. 7aEducational psychology.2BUEsh95967 bHHUUPPSScFebruary2017 2ddc c24102d24074 00102ddc40708BaccahaMAINbMAINc1STd2017-02-08ePurchaseg475.00h27333l1o370.15 SLAp000041132r2025-07-15 00:00:00s2020-03-05v593.75yBB